01145nam a2200193 4500020001500000040001200015082001700027100002400044245016300068260004800231300003900279500001300318520047400331546001500805600004300820650003600863650002100899650003100920 a9960897710 cPK-NSHS a297.63 bABU aAbu Khalil, Shawqi, aAtlas on the prophets (P.B.U.H) biography/bAn Authentic Collection of Iformation on Proophet's Seerah With Maps, Illustrations & Pictures:cShawqi Abu Khalil aRiyadh: bDar-us-Salam Publications,c2003. a292 pages :billustrations, maps ; aDC010825 aThis book rounds up a series of atlases, written and compiled by the author in the same pattern. It reviews the biography of the Prophet (S) and tracks the places he honored by his visits, the battles he fought, and the expeditions and envoys he directed. The book presents all the required maps, illustrations, drawings and pictures. Briefings and excerpts have been added to the pictures and drawings for better understanding, benefit and satisfaction of the readers. aIn English aMuhammad, prophet (PBUH) -- biography. aMuhammad, Prophet -- Biography. aIslam-- History. aMuhammad, Prophet -- Wars.